Catalog

Record Details

Catalog Search



Herník : zážitkové hry Cover Image Book Book

Herník : zážitkové hry

Record details

  • ISBN: 978-80-973620-0-3
  • Physical Description: 239 stran : ilustrace ; 21 cm
  • Edition: 1. vydanie
  • Publisher: Bratislava : MO Plusko, 2020
Genre: příručky

Available copies

  • 1 of 1 copy available at Common Catalog SPOK.

Holds

  • 0 current holds with 1 total copy.
Show All Copies
Location Call Number / Copy Notes Barcode Shelving Location Status Due Date
Jabok Library Ped-9.3/H 424480043293 Odborná literatura Available -

LDR nam a22 i 4500
00147180
003CZ-PrJAB
00520201002094317.0
007ta
008 s2020 xo e 000 0 slo
020 . ‡a978-80-973620-0-3 ‡q(brožováno)
040 . ‡aABG312 ‡bcze ‡erda
072 7. ‡a796 ‡xSport. Hry. Tělesná cvičení ‡2Konspekt ‡920
24500. ‡aHerník : ‡bzážitkové hry
250 . ‡a1. vydanie
264 1. ‡a Bratislava : ‡bMO Plusko, ‡c2020
300 . ‡a239 stran : ‡bilustrace ; ‡c21 cm
336 . ‡atext ‡btxt ‡2rdacontent
338 . ‡asvazek ‡bnc ‡2rdacarrier
6530 . ‡ahry ‡aseznamy ‡apřehledy ‡avolnočasové aktivity
655 7. ‡apříručky ‡7fd133209 ‡2czenas
910 . ‡aABG312
901 . ‡a47180 ‡b ‡c47180 ‡tbiblio

Additional Resources